000 00839nam a22002297a 4500
005 2008090307237.0
008 080903t xxu||||| |||| 00| 0 eng d
010 _aENG-90874
020 _a9788178803821
_c750.00
035 _aEN-74407
037 _bDBAD / PUB
040 _aDPL
_bEnglish
082 _a579.8
100 _aAcharya, Jagdish
245 _aHandbook of algae /
_cby Jagdish Acharya
260 _aNew Delhi
_bRajat Publications
_c2008
270 _a4675/21, Ansari Raod, Darya Ganj,
_bNew Delhi
_e110002
300 _avii, 289p.
_c23 cm (Hb)
650 _aAlgae
_xHandbooks, manuals, etc.
942 _2ddc
_cEN
_h579.8
_mACH
999 _c15290
_d15290